[Event "Florianopolis op 8th"]
[Site "Florianopolis"]
[Date "2022.01.30"]
[Round "10"]
[White "Tsuchie, Davi Pinheiro"]
[Black "Vilas Boas, Crisolon Terto"]
[Result "1-0"]
[WhiteElo "1346"]
[BlackElo "1488"]
[PlyCount "45"]
[EventDate "2022.01.24"]
[EventType "swiss"]
[EventRounds "10"]
[EventCountry "BRA"]
[SourceTitle "EXT 2023"]
[Source "ChessBase"]
[SourceDate "2022.10.05"]
[SourceVersion "1"]
[SourceVersionDate "2022.10.05"]
[SourceQuality "1"]

1. Nf3 d5 2. d4 Nf6 3. c4 c6 4. Bg5 Bg4 5. Nc3 Bxf3 6. gxf3 dxc4 7. e3 b5 8. Bg2 Nd5 9. e4 Nxc3 10. bxc3 Qa5 11. Qc2 b4 12. cxb4 Qxg5 13. Rg1 Qb5 14. Rb1 e6 15. a3 Nd7 16. Bf1 Nb6 17. f4 Rd8 18. Rg5 Qa4 19. Qc3 f6 20. Ra5 Bxb4 21. axb4 Qxa5 22. bxa5 Nd7 23. Qxc4 1-0

[Event "Sao Paulo Carnaval op"]
[Site "Sao Paulo"]
[Date "2020.02.23"]
[Round "3"]
[White "Vilas Boas, Crisolon Terto"]
[Black "Ohara, Matheus Kendi"]
[Result "0-1"]
[WhiteElo "1513"]
[BlackElo "1781"]
[PlyCount "44"]
[EventDate "2020.02.22"]
[EventType "swiss"]
[EventRounds "7"]
[EventCountry "BRA"]
[SourceTitle "CBM 195 Extra"]
[Source "ChessBase"]
[SourceDate "2020.05.31"]
[SourceVersion "1"]
[SourceVersionDate "2020.05.31"]
[SourceQuality "1"]

1. d4 Nf6 2. Nc3 d5 3. Nf3 Bg4 4. Bf4 a6 5. Ne5 Bh5 6. Qd2 e6 7. f3 Nfd7 8. g4 Bg6 9. Nd3 c5 10. e3 Nc6 11. Nf2 cxd4 12. exd4 Qf6 13. Ne2 Nb4 14. Nd3 Bxd3 15. cxd3 g5 16. Be5 Nxe5 17. dxe5 Qxf3 18. Rg1 Nxd3+ 19. Kd1 Bb4 20. Qc2 Qe3 21. Rg2 0-0 22. Nc3 Qe1# 0-1

[Event "Sao Paulo Carnaval op"]
[Site "Sao Paulo"]
[Date "2020.02.22"]
[Round "1"]
[White "Vilas Boas, Crisolon Terto"]
[Black "Chang, Suzana"]
[Result "0-1"]
[WhiteElo "1513"]
[BlackElo "2032"]
[PlyCount "51"]
[EventDate "2020.02.22"]
[EventType "swiss"]
[EventRounds "7"]
[EventCountry "BRA"]
[SourceTitle "CBM 195 Extra"]
[Source "ChessBase"]
[SourceDate "2020.05.31"]
[SourceVersion "1"]
[SourceVersionDate "2020.05.31"]
[SourceQuality "1"]

1. d4 Nf6 2. Nf3 g6 3. c4 Bg7 4. Nc3 d6 5. e4 0-0 6. Be2 Na6 7. 0-0 e5 8. h3 Qe8 9. d5 Nc5 10. Qc2 a5 11. Bg5 h6 12. Bxf6 Bxf6 13. a4 Bg7 14. Nd2 f5 15. f3 Qe7 16. exf5 gxf5 17. Rf2 e4 18. fxe4 Bd7 19. Bf3 Bf6 20. Kf1 fxe4 21. Ndxe4 Bg7 22. Kg1 Rfe8 23. Re1 Qh4 24. Rfe2 Re5 25. Qd1 Nxe4 26. Nxe4 0-1

[Event "Sudeste/Centro-Oeste-ch U1600"]
[Site "Barbacena"]
[Date "2019.10.26"]
[Round "2"]
[White "Vilas Boas, Crisolon Terto"]
[Black "Paiva, Sergio Henrique Mei"]
[Result "0-1"]
[WhiteElo "1520"]
[BlackElo "1554"]
[PlyCount "67"]
[EventDate "2019.10.25"]
[EventType "swiss"]
[EventRounds "6"]
[EventCountry "BRA"]
[SourceTitle "CBM 193 Extra"]
[Source "ChessBase"]
[SourceDate "2020.01.31"]
[SourceVersion "1"]
[SourceVersionDate "2020.01.31"]
[SourceQuality "1"]

1. e4 e5 2. Nf3 Nc6 3. Bb5 a6 4. Ba4 Bc5 5. c3 b5 6. Bc2 d5 7. 0-0 Nf6 8. d3 h6 9. b4 Bb6 10. h3 0-0 11. Nbd2 d4 12. c4 Nxb4 13. Ba3 Nxc2 14. Bxf8 Nxa1 15. Qxa1 Kxf8 16. Nxe5 c5 17. f4 h5 18. f5 Qc7 19. Nef3 Nd7 20. Qd1 Qg3 21. Qe2 Bc7 22. Rf2 bxc4 23. dxc4 Ne5 24. Nxe5 Bxe5 25. Nf1 Qg5 26. g4 Bb7 27. Nd2 d3 28. Qxd3 Bd4 29. Nf3 Bxf2+ 30. Kxf2 Qf4 31. e5 Qxf3+ 32. Qxf3 Bxf3 33. Kxf3 hxg4+ 34. hxg4 0-1

[Event "Sudeste/Centro-Oeste-ch U1600"]
[Site "Barbacena"]
[Date "2019.10.26"]
[Round "4"]
[White "Vilas Boas, Crisolon Terto"]
[Black "Rocha, Arthur de Senna"]
[Result "1/2-1/2"]
[WhiteElo "1520"]
[BlackElo "1800"]
[PlyCount "30"]
[EventDate "2019.10.25"]
[EventType "swiss"]
[EventRounds "6"]
[EventCountry "BRA"]
[SourceTitle "CBM 193 Extra"]
[Source "ChessBase"]
[SourceDate "2020.01.31"]
[SourceVersion "1"]
[SourceVersionDate "2020.01.31"]
[SourceQuality "1"]

1. e4 e6 2. d4 d5 3. e5 c5 4. c3 Nc6 5. Nf3 Qb6 6. Qb3 c4 7. Qxb6 axb6 8. Nbd2 Nge7 9. Be2 Ng6 10. 0-0 Be7 11. b4 b5 12. Re1 0-0 13. Bd1 f6 14. exf6 Bxf6 15. Bc2 Nge7 1/2-1/2

[Event "Pan American IBCA-ch 7th"]
[Site "San Luis"]
[Date "2018.11.07"]
[Round "7.14"]
[White "Hernandez Hernandez, George"]
[Black "Vilas Boas, Crisolon Terto"]
[Result "0-1"]
[WhiteElo "1410"]
[BlackElo "1492"]
[PlyCount "83"]
[EventDate "2018.11.04"]
[EventType "swiss"]
[EventRounds "7"]
[EventCountry "ARG"]
[SourceTitle "EXT 2024"]
[Source "ChessBase"]
[SourceDate "2023.10.10"]
[SourceVersion "1"]
[SourceVersionDate "2023.10.10"]
[SourceQuality "1"]

1. e4 e6 2. Nf3 d5 3. exd5 exd5 4. d4 Bd6 5. Nc3 c6 6. Bg5 Nf6 7. Bd3 Bg4 8. Qd2 Qe7+ 9. Ne2 Nbd7 10. 0-0-0 0-0-0 11. Rhe1 Nf8 12. h3 Bh5 13. Nc3 Qd7 14. Na4 Ne6 15. g4 Bg6 16. Bxg6 fxg6 17. Ne5 Qc7 18. Nf3 h6 19. Bxf6 Bf4 20. Bxd8 Bxd2+ 21. Rxd2 Nxd8 22. Kb1 Qf4 23. Rd3 Nf7 24. a3 Nd6 25. b3 Ne4 26. Nc5 b6 27. Nxe4 dxe4 28. Rc3 exf3 29. Rxc6+ Kb7 30. d5 Qd2 31. Re7+ Ka6 32. d6 Rd8 33. a4 Rxd6 34. Rcc7 Ka5 35. Kb2 a6 36. Rc4 Rd5 37. b4+ Kxa4 38. Ree4 Qxf2 39. b5+ Kxb5 40. Rb4+ Kc6 41. Re6+ Kd7 42. Rexb6 0-1

[Event "Brasilia Terraviva op"]
[Site "Brasilia"]
[Date "2017.01.07"]
[Round "3"]
[White "Terra, Enzo Schneider"]
[Black "Vilas Boas, Crisolon Terto"]
[Result "0-1"]
[WhiteElo "1333"]
[BlackElo "1523"]
[PlyCount "35"]
[EventDate "2017.01.06"]
[EventType "swiss"]
[EventRounds "6"]
[EventCountry "BRA"]
[SourceTitle "CBM 176 Extra"]
[Source "ChessBase"]
[SourceDate "2017.03.02"]
[SourceVersion "1"]
[SourceVersionDate "2017.03.02"]
[SourceQuality "1"]

1. d4 d5 2. Nf3 Nc6 3. g3 Bg4 4. e3 e5 5. Be2 e4 6. Nfd2 Bd7 7. f3 f5 8. Nc3 Nf6 9. Bb5 Qe7 10. f4 0-0-0 11. Nb3 a6 12. Bxc6 Bxc6 13. Bd2 Be8 14. Qc1 h5 15. Ne2 h4 16. c4 Bh5 17. Ng1 dxc4 18. Qxc4 0-1

[Event "BRA-ch Amateur U1800"]
[Site "Sao Paulo"]
[Date "2016.05.29"]
[Round "7"]
[White "Vilas Boas, Crisolon Terto"]
[Black "Kim, Thiago"]
[Result "1/2-1/2"]
[WhiteElo "1542"]
[BlackElo "1356"]
[PlyCount "116"]
[EventDate "2016.05.26"]
[EventType "swiss"]
[EventRounds "7"]
[EventCountry "BRA"]
[SourceTitle "EXT 2019"]
[Source "ChessBase"]
[SourceDate "2018.10.10"]
[SourceVersion "1"]
[SourceVersionDate "2018.10.10"]
[SourceQuality "1"]

1. e4 b6 2. d4 Bb7 3. Bd3 e6 4. Nf3 Nf6 5. Bg5 h6 6. Bh4 Be7 7. e5 Nd5 8. Bxe7 Nxe7 9. Nbd2 d6 10. 0-0 0-0 11. c3 dxe5 12. Nxe5 Nd7 13. Nxd7 Qxd7 14. Qc2 f5 15. Rae1 Rae8 16. Nc4 Nc6 17. Ne5 Nxe5 18. Rxe5 Qc6 19. f3 Qd7 20. a4 Rf6 21. Rfe1 c6 22. b4 a6 23. Qa2 b5 24. Bxf5 Bc8 25. axb5 axb5 26. Rc5 Kf8 27. Be4 Bb7 28. Qb3 Qd6 29. Re5 Ra8 30. Bd3 Bc8 31. Qb2 Bd7 32. c4 bxc4 33. Bxc4 Re8 34. Qc3 Rf5 35. Rxf5+ exf5 36. Rxe8+ Kxe8 37. Bd3 Qe6 38. Qc5 Qe3+ 39. Kf1 Qxd3+ 40. Kf2 Qd2+ 41. Kf1 Qf4 42. Qe5+ Qxe5 43. dxe5 Ke7 44. f4 Ke6 45. Ke2 c5 46. bxc5 Kd5 47. Kf3 Kxc5 48. Kg3 Kd5 49. Kh4 Ke6 50. g4 fxg4 51. Kxg4 Kd5+ 52. Kh5 Be8+ 53. Kg4 Ke4 54. e6 g6 55. h3 Kd5 56. f5 Kd6 57. h4 gxf5+ 58. Kxf5 Ke7 1/2-1/2

[Event "BRA-ch Amateur U1800"]
[Site "Sao Paulo"]
[Date "2016.05.28"]
[Round "5"]
[White "Vilas Boas, Crisolon Terto"]
[Black "Ferreira, Wagner Maria Gangin"]
[Result "1-0"]
[WhiteElo "1542"]
[BlackElo "1197"]
[PlyCount "109"]
[EventDate "2016.05.26"]
[EventType "swiss"]
[EventRounds "7"]
[EventCountry "BRA"]
[SourceTitle "EXT 2019"]
[Source "ChessBase"]
[SourceDate "2018.10.10"]
[SourceVersion "1"]
[SourceVersionDate "2018.10.10"]
[SourceQuality "1"]

1. e4 d6 2. Nf3 c5 3. c3 Nc6 4. Bd3 Bg4 5. 0-0 Nf6 6. Na3 a6 7. Nc4 e6 8. Ne3 Be7 9. Nxg4 Nxg4 10. Bc2 0-0 11. h3 Nge5 12. d3 Nxf3+ 13. Qxf3 Ne5 14. Qe2 Bg5 15. f4 f6 16. fxe5 dxe5 17. Bxg5 fxg5 18. Qe3 Qe7 19. Rxf8+ Rxf8 20. Rf1 Rf6 21. d4 Rxf1+ 22. Kxf1 Qf6+ 23. Qf3 exd4 24. Qxf6 gxf6 25. cxd4 cxd4 26. Ke2 e5 27. Bb3+ Kf8 28. a4 Ke7 29. a5 Kd7 30. g4 Kc7 31. Bd5 b6 32. axb6+ Kxb6 33. Bc4 a5 34. Kd3 Kc5 35. Bg8 h6 36. Ba2 Kb4 37. Kc2 a4 38. Bb1 Kc4 39. Ba2+ Kb4 40. Kd3 Kc5 41. Bb1 Kb4 42. Bc2 a3 43. bxa3+ Kxa3 44. Kc4 Kb2 45. Bd3 Kc1 46. Kd5 Kd2 47. Bb1 Ke3 48. Kc4 Kf3 49. Kd5 Kg3 50. Ke6 Kxh3 51. Kxf6 Kxg4 52. Kxe5 Kf3 53. Kxd4 g4 54. e5 g3 55. Be4+ 1-0

[Event "BRA-ch para Deficientes Visuais final"]
[Site "Sao Sebastiao do Paraiso"]
[Date "2015.12.04"]
[Round "4.3"]
[White "Martins, Adroildo Jose"]
[Black "Vilas Boas, Crisolon Terto"]
[Result "1-0"]
[WhiteElo "1984"]
[BlackElo "1586"]
[PlyCount "45"]
[EventDate "2015.12.03"]
[EventType "swiss"]
[EventRounds "7"]
[EventCountry "BRA"]
[SourceTitle "EXT 2022"]
[Source "ChessBase"]
[SourceDate "2021.10.06"]
[SourceVersion "1"]
[SourceVersionDate "2021.10.06"]
[SourceQuality "1"]

1. e4 e6 2. d4 d5 3. Nd2 Ne7 4. Ngf3 Ng6 5. e5 Be7 6. c3 b6 7. Bd3 Nf4 8. Bf1 0-0 9. Nb3 Ng6 10. Bd3 Ba6 11. 0-0 c5 12. Bxa6 Nxa6 13. Be3 c4 14. Nbd2 Nc7 15. Re1 f5 16. exf6 Bxf6 17. Nf1 e5 18. dxe5 Bxe5 19. Nxe5 Nxe5 20. Bxb6 Nd3 21. Bxc7 Qxc7 22. Re2 Rf6 23. Ne3 1-0

[Event "BRA-ch para Deficientes Visuais final"]
[Site "Sao Sebastiao do Paraiso"]
[Date "2015.12.03"]
[Round "1.4"]
[White "Vilas Boas, Crisolon Terto"]
[Black "Ricieri, Vinicius De Andrade"]
[Result "0-1"]
[WhiteElo "1586"]
[BlackElo "1702"]
[PlyCount "49"]
[EventDate "2015.12.03"]
[EventType "swiss"]
[EventRounds "7"]
[EventCountry "BRA"]
[SourceTitle "EXT 2022"]
[Source "ChessBase"]
[SourceDate "2021.10.06"]
[SourceVersion "1"]
[SourceVersionDate "2021.10.06"]
[SourceQuality "1"]

1. d4 Nf6 2. Nc3 e6 3. a3 b6 4. e4 Bb7 5. Bd3 d6 6. Be3 Nbd7 7. f3 Be7 8. Qd2 c5 9. dxc5 bxc5 10. Nh3 0-0 11. 0-0 Ne5 12. Be2 a5 13. a4 Qb6 14. Nb5 Rfd8 15. c4 d5 16. cxd5 Bxd5 17. exd5 Nxd5 18. Bf2 Ng6 19. Qc1 Rac8 20. Bc4 Nc7 21. Nf4 Bg5 22. Bxc5 Qxc5+ 23. Kh1 Nxb5 24. Bxb5 Bxf4 25. Qxc5 0-1

[Event "BRA-ch para Deficientes Visuais sf"]
[Site "Caraguatatuba"]
[Date "2015.09.18"]
[Round "2.2"]
[White "Hengles, Roberto Carlos"]
[Black "Vilas Boas, Crisolon Terto"]
[Result "1-0"]
[WhiteElo "1792"]
[BlackElo "1575"]
[PlyCount "93"]
[EventDate "2015.09.18"]
[EventType "swiss"]
[EventRounds "5"]
[EventCountry "BRA"]
[SourceTitle "EXT 2022"]
[Source "ChessBase"]
[SourceDate "2021.10.06"]
[SourceVersion "1"]
[SourceVersionDate "2021.10.06"]
[SourceQuality "1"]

1. e4 c5 2. Nf3 g6 3. d4 cxd4 4. Nxd4 Bg7 5. Nc3 Nc6 6. Be3 Nf6 7. f3 0-0 8. Bc4 e5 9. Ndb5 Ne8 10. Nd6 Nd4 11. Nxe8 Rxe8 12. Qd2 a6 13. h4 b5 14. Bd5 Nc6 15. 0-0-0 Qc7 16. h5 Rb8 17. hxg6 hxg6 18. Ne2 Ne7 19. Bb3 Kf8 20. Bh6 Ng8 21. Bxg7+ Kxg7 22. g4 a5 23. Ng3 a4 24. Bd5 Bb7 25. Qh2 Bxd5 26. Qh8+ Kf8 27. exd5 Rbc8 28. Rd2 d6 29. Rh7 Re7 30. Rg7 Ke8 31. Rxg8+ Kd7 32. Rxc8 Qxc8 33. Qxc8+ Kxc8 34. Ne4 Kc7 35. Nf6 Kb6 36. Rd3 b4 37. a3 b3 38. cxb3 Rc7+ 39. Rc3 axb3 40. Rxc7 Kxc7 41. Kd2 Kb6 42. Kc3 Kc5 43. Kxb3 Kd4 44. a4 Ke3 45. a5 Kxf3 46. a6 e4 47. Nxe4 1-0

[Event "BRA-ch Amateur"]
[Site "Sao Paulo"]
[Date "2015.04.01"]
[Round "2"]
[White "Lisboa Torres, Eduardo"]
[Black "Vilas Boas, Crisolon Terto"]
[Result "1-0"]
[WhiteElo "1941"]
[BlackElo "1568"]
[PlyCount "79"]
[EventDate "2015.04.30"]
[EventType "swiss"]
[EventRounds "7"]
[EventCountry "BRA"]
[SourceTitle "EXT 2022"]
[Source "ChessBase"]
[SourceDate "2021.10.06"]
[SourceVersion "1"]
[SourceVersionDate "2021.10.06"]
[SourceQuality "1"]

1. d4 e6 2. c4 Nf6 3. Nc3 d5 4. e3 Be7 5. Nf3 0-0 6. Qc2 h6 7. a3 a6 8. c5 b6 9. b4 b5 10. a4 c6 11. axb5 cxb5 12. Bxb5 Bd7 13. Bd3 Nc6 14. Ba3 a5 15. b5 Nb4 16. Qb1 Ne8 17. 0-0 f5 18. Bxb4 axb4 19. Rxa8 Qxa8 20. Qxb4 Bd8 21. Ne5 Nf6 22. b6 Bc8 23. c6 Qb8 24. Rb1 Ne4 25. Bxe4 dxe4 26. b7 Bf6 27. c7 Qxc7 28. b8Q Qe7 29. Qxe7 Bxe7 30. Qc7 Bf6 31. Ng6 Re8 32. Rb8 Bd7 33. Rxe8+ Bxe8 34. Qb8 Kf7 35. Nf4 g5 36. Nxe6 Bd7 37. Nc5 Be8 38. Nd5 Bg7 39. Qc8 Bb5 40. Qb7+ 1-0

[Event "Ribeirao Preto Batatais op"]
[Site "Ribeirao Preto"]
[Date "2015.02.28"]
[Round "1"]
[White "Vilas Boas, Crisolon Terto"]
[Black "Brandao, Renan Alves"]
[Result "0-1"]
[WhiteElo "1584"]
[BlackElo "2098"]
[PlyCount "76"]
[EventDate "2015.02.28"]
[EventType "swiss"]
[EventRounds "5"]
[EventCountry "BRA"]
[SourceTitle "CBM 165 Extra"]
[Source "ChessBase"]
[SourceDate "2015.04.21"]
[SourceVersion "1"]
[SourceVersionDate "2015.04.21"]
[SourceQuality "1"]

1. c4 e5 2. b3 Nc6 3. Bb2 Nf6 4. Nf3 e4 5. Nd4 Bc5 6. e3 0-0 7. Be2 a5 8. 0-0 d6 9. a4 Ne5 10. Nc2 Bg4 11. Bxe5 Bxe2 12. Qxe2 dxe5 13. Nc3 Qd7 14. Rfd1 Rfd8 15. Ne1 Bb4 16. f3 exf3 17. Qxf3 Qc6 18. Qxc6 bxc6 19. Rac1 Rab8 20. Rc2 e4 21. Na2 Bc5 22. Rb1 Ng4 23. h3 Ne5 24. Nc1 Bb4 25. Rbb2 Ba3 26. Ra2 Bxc1 27. Rxc1 Rxb3 28. Kf1 c5 29. Ke2 Rb4 30. Rc3 Rd6 31. Nc2 Rxc4 32. Rxc4 Nxc4 33. Na3 Nxa3 34. Rxa3 c4 35. Rc3 Rc6 36. Kd1 Kf8 37. Kc2 Ke7 38. Kb2 Kd6 0-1

[Event "Ribeirao Preto Batatais op"]
[Site "Ribeirao Preto"]
[Date "2015.02.28"]
[Round "3"]
[White "Vilas Boas, Crisolon Terto"]
[Black "Lopes, Edson"]
[Result "0-1"]
[WhiteElo "1584"]
[BlackElo "1605"]
[PlyCount "101"]
[EventDate "2015.02.28"]
[EventType "swiss"]
[EventRounds "5"]
[EventCountry "BRA"]
[SourceTitle "CBM 165 Extra"]
[Source "ChessBase"]
[SourceDate "2015.04.21"]
[SourceVersion "1"]
[SourceVersionDate "2015.04.21"]
[SourceQuality "1"]

1. Nf3 d6 2. b3 e5 3. Bb2 Nf6 4. c4 Nc6 5. Na3 Be7 6. Rc1 0-0 7. e3 Bg4 8. Be2 a6 9. 0-0 h6 10. Nc2 Re8 11. d4 e4 12. Nd2 Bxe2 13. Qxe2 d5 14. c5 b6 15. Ne1 Nb4 16. a3 Nc6 17. cxb6 Qd7 18. bxc7 Qxc7 19. f3 exf3 20. Nexf3 Qd6 21. Ne5 Rec8 22. Ndf3 Ne4 23. Nxc6 Rxc6 24. Rxc6 Qxc6 25. Ne5 Qe6 26. Rxf7 Bf6 27. Rxf6 Nxf6 28. Nd3 Ng4 29. Bc1 Re8 30. Nc5 Qf5 31. h3 Nf6 32. Kh2 Ne4 33. g4 Qf2+ 34. Qxf2 Nxf2 35. b4 Re6 36. a4 Ne4 37. Kg2 Nc3 38. Bb2 Ne4 39. Kf3 Rf6+ 40. Ke2 Rf2+ 41. Kd3 Rxb2 42. Nxe4 dxe4+ 43. Kxe4 Rxb4 44. a5 Kf7 45. Ke5 Rb5+ 46. Kd6 Ke8 47. e4 Rxa5 48. e5 Rb5 49. d5 a5 50. e6 a4 51. Kc6 0-1

[Event "Pocos de Caldas op"]
[Site "Pocos de Caldas"]
[Date "2014.11.01"]
[Round "6"]
[White "Boghi, Victor Almeida"]
[Black "Vilas Boas, Crisolon Terto"]
[Result "1-0"]
[WhiteElo "1744"]
[BlackElo "1580"]
[PlyCount "123"]
[EventDate "2014.10.30"]
[EventType "swiss"]
[EventRounds "7"]
[EventCountry "BRA"]
[SourceTitle "EXT 2015"]
[Source "ChessBase"]
[SourceDate "2014.11.20"]
[SourceVersion "1"]
[SourceVersionDate "2014.11.20"]
[SourceQuality "1"]

1. c4 e6 2. d3 Nf6 3. g3 c6 4. Bg2 Na6 5. a3 Nc7 6. Nf3 d5 7. cxd5 exd5 8. 0-0 Be7 9. Nbd2 0-0 10. b4 a5 11. bxa5 Rxa5 12. Nb3 Ra8 13. Bb2 c5 14. Qc2 b6 15. a4 Bf5 16. Nh4 Be6 17. e4 dxe4 18. dxe4 Bxb3 19. Qxb3 Rb8 20. Nf5 Re8 21. Rfd1 Qc8 22. Bh3 Ne6 23. Nxe7+ Rxe7 24. Bxf6 gxf6 25. Rd6 Qc7 26. Qd5 Rd8 27. Rd1 Rxd6 28. Qxd6 Qxd6 29. Rxd6 Ng5 30. Bg2 Re6 31. Rd8+ Kg7 32. f3 Rc6 33. Kf2 Ne6 34. Rd5 Nc7 35. Rd8 c4 36. Bf1 c3 37. Rd1 Ne6 38. Bd3 Nc5 39. Bc2 Ne6 40. Ke3 Kf8 41. h4 Ke7 42. Rd3 h6 43. f4 Rc5 44. f5 Nd8 45. Rd5 Rxd5 46. exd5 Kd6 47. Kd4 Nb7 48. Bb3 Nc5 49. Kxc3 Ne4+ 50. Kb4 Nxg3 51. Kb5 Nxf5 52. Kxb6 Ne7 53. Kb7 f5 54. a5 f4 55. a6 f3 56. a7 f2 57. a8Q f1Q 58. Qd8+ Kc5 59. Qxe7+ Kd4 60. Qb4+ Ke3 61. Qc3+ Ke4 62. Bc2+ 1-0

[Event "Pocos de Caldas op"]
[Site "Pocos de Caldas"]
[Date "2014.10.30"]
[Round "2"]
[White "Hirota da Silva, Nilton Jose"]
[Black "Vilas Boas, Crisolon Terto"]
[Result "1-0"]
[WhiteElo "2017"]
[BlackElo "1580"]
[PlyCount "69"]
[EventDate "2014.10.30"]
[EventType "swiss"]
[EventRounds "7"]
[EventCountry "BRA"]
[SourceTitle "EXT 2015"]
[Source "ChessBase"]
[SourceDate "2014.11.20"]
[SourceVersion "1"]
[SourceVersionDate "2014.11.20"]
[SourceQuality "1"]

1. e4 e6 2. Qe2 b6 3. g3 Ne7 4. Bg2 Ba6 5. d3 Ng6 6. h4 Be7 7. f4 Bc5 8. Nf3 Nc6 9. Be3 Bxe3 10. Qxe3 Qe7 11. c3 0-0-0 12. h5 Nf8 13. Kf2 h6 14. Nbd2 d5 15. exd5 exd5 16. Qxe7 Nxe7 17. d4 Nd7 18. Bh3 Kb8 19. Bxd7 Rxd7 20. Ne5 Bc8 21. Nxd7+ Bxd7 22. Rae1 Nc8 23. Nf3 Nd6 24. Nd2 g6 25. Kf3 gxh5 26. Rxh5 c6 27. Reh1 f5 28. Rxh6 Rxh6 29. Rxh6 Ne4 30. Nxe4 dxe4+ 31. Ke3 c5 32. dxc5 bxc5 33. g4 fxg4 34. Kxe4 g3 35. Kf3 1-0

[Event "BRA Cup para DV"]
[Site "Sao Caetano do Sul"]
[Date "2013.12.07"]
[Round "8"]
[White "Lima, Mauricio Vicente"]
[Black "Vilas Boas, Crisolon Terto"]
[Result "1/2-1/2"]
[WhiteElo "1873"]
[BlackElo "1578"]
[PlyCount "23"]
[EventDate "2013.12.04"]
[EventType "tourn"]
[EventRounds "9"]
[EventCountry "BRA"]
[SourceTitle "EXT 2016"]
[Source "ChessBase"]
[SourceDate "2015.10.08"]
[SourceVersion "1"]
[SourceVersionDate "2015.10.08"]
[SourceQuality "1"]

1. e4 d5 2. e5 e6 3. d4 Ne7 4. Bg5 Qd7 5. Nf3 b6 6. Nc3 h6 7. Bh4 g5 8. Bg3 Ng6 9. Bd3 Nf4 10. 0-0 Nxd3 11. Qxd3 Ba6 12. Qd1 1/2-1/2

[Event "BRA Cup para DV"]
[Site "Sao Caetano do Sul"]
[Date "2013.12.05"]
[Round "4"]
[White "Polo, Tiago Dias"]
[Black "Vilas Boas, Crisolon Terto"]
[Result "1/2-1/2"]
[WhiteElo "1709"]
[BlackElo "1578"]
[PlyCount "87"]
[EventDate "2013.12.04"]
[EventType "tourn"]
[EventRounds "9"]
[EventCountry "BRA"]
[SourceTitle "EXT 2016"]
[Source "ChessBase"]
[SourceDate "2015.10.08"]
[SourceVersion "1"]
[SourceVersionDate "2015.10.08"]
[SourceQuality "1"]

1. d4 d5 2. Nf3 Nc6 3. Bf4 e6 4. e3 Nge7 5. Nbd2 Nf5 6. c3 Bd6 7. Bxd6 Nxd6 8. Bd3 f5 9. a3 Bd7 10. c4 dxc4 11. Nxc4 Nxc4 12. Bxc4 Qe7 13. b4 0-0 14. 0-0 a6 15. d5 Nd8 16. Qd4 b5 17. Bb3 Rc8 18. Rac1 exd5 19. Bxd5+ Be6 20. Rfd1 Bxd5 21. Qxd5+ Qe6 22. Qxe6+ Nxe6 23. Rc6 Rfd8 24. Rxd8+ Rxd8 25. h3 Rd6 26. Rxd6 cxd6 27. Kf1 g5 28. Ke2 h5 29. Nd4 Nxd4+ 30. exd4 Kf7 31. f3 Ke6 32. Kd3 f4 33. Ke4 d5+ 34. Kd3 Kf5 35. Ke2 g4 36. hxg4+ hxg4 37. Kf2 g3+ 38. Ke2 Ke6 39. Kd3 Kd6 40. Kc3 Kc6 41. Kb3 Kb6 42. Kc3 a5 43. Kb3 a4+ 44. Kc3 1/2-1/2

[Event "BRA Cup para DV"]
[Site "Sao Caetano do Sul"]
[Date "2013.12.04"]
[Round "2"]
[White "Vilas Boas, Crisolon Terto"]
[Black "Hengles, Roberto Carlos"]
[Result "0-1"]
[WhiteElo "1578"]
[BlackElo "1857"]
[PlyCount "36"]
[EventDate "2013.12.04"]
[EventType "tourn"]
[EventRounds "9"]
[EventCountry "BRA"]
[SourceTitle "EXT 2016"]
[Source "ChessBase"]
[SourceDate "2015.10.08"]
[SourceVersion "1"]
[SourceVersionDate "2015.10.08"]
[SourceQuality "1"]

1. d4 Nf6 2. Nc3 d5 3. Bg5 Nbd7 4. Qd2 h6 5. Bh4 c6 6. f3 e6 7. 0-0-0 b5 8. e3 Qa5 9. Be1 b4 10. Nb1 Qxa2 11. Qd3 a5 12. Qb3 Qa1 13. c3 a4 14. Qc2 b3 15. Qf2 a3 16. bxa3 Bxa3+ 17. Kd2 Qb2+ 18. Kd3 Ba6+ 0-1

[Event "Sao Sebastiao op"]
[Site "Sao Sebastiao do Paraiso"]
[Date "2013.10.06"]
[Round "6"]
[White "Vilas Boas, Crisolon Terto"]
[Black "Pasqua, Mauricio Coragem"]
[Result "0-1"]
[WhiteElo "1594"]
[BlackElo "1709"]
[PlyCount "152"]
[EventDate "2013.10.04"]
[EventType "swiss"]
[EventRounds "6"]
[EventCountry "BRA"]
[SourceTitle "EXT 2014"]
[Source "ChessBase"]
[SourceDate "2013.11.20"]
[SourceVersion "1"]
[SourceVersionDate "2013.11.20"]
[SourceQuality "1"]

1. d4 Nf6 2. Nc3 d5 3. Bg5 e6 4. Qd3 Be7 5. Bxf6 Bxf6 6. 0-0-0 b6 7. e4 Bb7 8. e5 Be7 9. Qg3 g6 10. h4 h5 11. f4 Nd7 12. Nh3 Bxh4 13. Qf3 Be7 14. g4 hxg4 15. Qxg4 Rh4 16. Qg2 c5 17. Be2 a6 18. Bg4 Nf8 19. dxc5 Qc7 20. Bf3 Qxc5 21. Nf2 Rxh1 22. Rxh1 0-0-0 23. Nd3 Qa5 24. Kb1 Kb8 25. Nc1 b5 26. Nb3 Qb6 27. Rd1 Nd7 28. a4 b4 29. a5 Qc7 30. Ne2 Nc5 31. Ned4 Nxb3 32. Nxb3 Rc8 33. Rd2 Ka8 34. Qh1 Bc5 35. Qh7 Be3 36. Rg2 Bxf4 37. Qh4 g5 38. Qe1 Qc4 39. Bh5 Rc7 40. Bd1 Kb8 41. Nd2 Qc5 42. b3 Qc3 43. Nf3 Qxe1 44. Nxe1 Bxe5 45. Rxg5 f6 46. Rg8+ Rc8 47. Rg7 Rc7 48. Rg6 Bc3 49. Nd3 Rh7 50. Nc5 Bc8 51. Rg8 Kc7 52. Rg1 Bd4 53. Nxa6+ Bxa6 54. Re1 e5 55. Bf3 e4 56. Bg4 Rg7 57. Bf5 Rg1 58. Rxg1 Bxg1 59. Kc1 e3 60. Kd1 Bf2 61. Bd3 Bxd3 62. cxd3 Kc6 63. d4 Kb5 64. Ke2 Kxa5 65. Kf3 Kb6 66. Ke2 Kc6 67. Kd3 f5 68. Ke2 f4 69. Kf3 Kd6 70. Ke2 Ke6 71. Kf3 Kf5 72. Ke2 Ke4 73. Kd1 Kf3 74. Kc2 e2 75. Kd3 e1Q 76. Kc2 Qc3+ 0-1

[Event "Sao Sebastiao op"]
[Site "Sao Sebastiao do Paraiso"]
[Date "2013.10.04"]
[Round "1"]
[White "Deus Filho, Joaquim"]
[Black "Vilas Boas, Crisolon Terto"]
[Result "1-0"]
[WhiteElo "2011"]
[BlackElo "1594"]
[PlyCount "73"]
[EventDate "2013.10.04"]
[EventType "swiss"]
[EventRounds "6"]
[EventCountry "BRA"]
[SourceTitle "EXT 2014"]
[Source "ChessBase"]
[SourceDate "2013.11.20"]
[SourceVersion "1"]
[SourceVersionDate "2013.11.20"]
[SourceQuality "1"]

1. c4 Nf6 2. Nc3 b6 3. e4 Bb7 4. e5 Ne4 5. Qc2 Nxc3 6. Qxc3 e6 7. Nf3 c5 8. Be2 Nc6 9. 0-0 Ne7 10. Ne1 d5 11. exd6 Qxd6 12. Bf3 Bxf3 13. Nxf3 Nf5 14. g4 Nd4 15. Nxd4 Qxd4 16. Qxd4 cxd4 17. d3 Bd6 18. Bd2 0-0 19. b4 a5 20. bxa5 bxa5 21. Rab1 Rfb8 22. Rxb8+ Bxb8 23. Rb1 a4 24. Rb6 Kf8 25. Bb4+ Kg8 26. a3 g5 27. h3 h6 28. Kg2 Kg7 29. Kf3 Kg6 30. c5 h5 31. Ke4 Bc7 32. Rc6 Ba5 33. Bxa5 Rxa5 34. Kxd4 Rb5 35. Rb6 Rb3 36. Rxb3 axb3 37. Kc3 1-0